[Event "Fast tournament"]
[Site "SchemingMind.com"]
[Date "2014.05.25"]
[Round "-"]
[White "alexyongpohweng"]
[Black "Chessibelle"]
[Result "0-1"]
[WhiteCountry "MAS"]
[BlackCountry "ENG"]
[WhiteElo "1251"]
[WhiteRD "46"]
[BlackElo "1251"]
[BlackRD "59"]
[GameID "358836"]

1. e4 e5 2. Qh5 d6 3. Bc4 g6 4. Qf3 Nf6 5. Nc3 Be7 6. Nd5 Bg4 7. Qe3 Nc6 8. Nf3 Qd7 9. Ng5 O-O-O 10. Nxf7 Bh5
11. Nxh8 Rxh8 12. Nxf6 Bxf6 13. O-O Nd4 14. Bd3 c5 15. c3 Nc6 16. f3 g5 17. g4 Bg6 18. b3 h5 19. h3 b6 20. b4 Kd8
21. bxc5 dxc5 22. Ba3 Be7 23. gxh5 Rxh5 24. Kg2 Qxh3+ 25. Kf2 Qh4+ 26. Ke2 Qh2+ 27. Rf2 Qh3 28. Rg1 Nd4+ 29. Kd1 Qe6 30. c4 Qc6
31. Bc2 b5 32. cxb5 Qxb5 33. Qc3 Bf7 34. d3 Qd7 35. Qa5+ Ke8 36. Ba4 Nc6
0-1

[Event "Fast tournament"]
[Site "SchemingMind.com"]
[Date "2014.05.25"]
[Round "-"]
[White "Chessibelle"]
[Black "alexyongpohweng"]
[Result "1-0"]
[WhiteCountry "ENG"]
[BlackCountry "MAS"]
[WhiteElo "1251"]
[WhiteRD "59"]
[BlackElo "1251"]
[BlackRD "46"]
[GameID "358837"]

1. Nf3 d5 2. d4 Nf6 3. Nc3 g6 4. e3 c6 5. a3 Bg7 6. Bd2 O-O 7. Bd3 Bg4 8. O-O Bxf3 9. Qxf3 Na6 10. e4 dxe4
11. Nxe4 Nxe4 12. Bxe4 Bxd4 13. c3 Bg7 14. Rad1 Nc5 15. Bc2 Qc7 16. Bf4
1-0

[Event "Fast tournament"]
[Site "SchemingMind.com"]
[Date "2014.05.24"]
[Round "-"]
[White "Scooter"]
[Black "Chessibelle"]
[Result "1-0"]
[WhiteCountry "USA"]
[BlackCountry "ENG"]
[WhiteElo "1745"]
[WhiteRD "46"]
[BlackElo "1179"]
[BlackRD "56"]
[GameID "358838"]

1. d4 d5 2. Nf3 Nf6 3. Bf4 Nc6 4. e3 Be6 5. Bb5 Bd7 6. O-O e6 7. Nbd2 Be7 8. c4 O-O 9. cxd5 exd5 10. a3 a6
11. Bxc6 Bxc6 12. Ne5 Be8 13. Rc1 c6 14. h3 Nd7 15. Nxd7 Bxd7 16. b4 g5 17. Bg3 h6 18. Nf3 f6 19. Qc2 f5 20. Ne5 Be6
21. Ng6 Rf7 22. Nxe7+ Rxe7 23. Be5 Bf7 24. Bf6 Qd6 25. Bxe7 Qxe7 26. Qc5 Qe4 27. Qb6 Qe7 28. a4 f4 29. exf4 gxf4 30. Rfe1 Qh4
31. Qxb7 Rf8 32. Qxc6 Qg5 33. b5 f3 34. g3 h5 35. Re3 Qf5 36. b6 Qxh3 37. Rxf3 Qg4 38. Re3 h4 39. b7 hxg3 40. Rxg3
1-0

[Event "Fast tournament"]
[Site "SchemingMind.com"]
[Date "2014.05.24"]
[Round "-"]
[White "Chessibelle"]
[Black "Scooter"]
[Result "0-1"]
[WhiteCountry "ENG"]
[BlackCountry "USA"]
[WhiteElo "1179"]
[WhiteRD "56"]
[BlackElo "1745"]
[BlackRD "46"]
[GameID "358839"]

1. Nf3 Nf6 2. d4 g6 3. e3 Bg7 4. Nc3 O-O 5. Bd3 d6 6. Bd2 Bg4 7. h3 Bxf3 8. gxf3 Nbd7 9. Qe2 e5 10. O-O-O exd4
11. Ne4 dxe3 12. fxe3 Nxe4 13. Bxe4 Nc5 14. Bd5 c6 15. Bc4 Qb6 16. b3 d5 17. Bd3 Nxd3+ 18. Qxd3 Rfe8 19. Rde1 a5 20. a4 Qc7
21. f4 Re4 22. c3 Rae8 23. Qf1 c5 24. Re2 d4 25. Qf3 dxc3 26. Be1 Qb6 27. Kc2 c4 28. Bxc3 Qxb3+ 29. Kc1 Qxc3+ 30. Rc2 Qa1+
31. Kd2 Qxa4 32. Rhc1 Rxe3 33. Qxb7 Rd3#
0-1

[Event "Fast tournament"]
[Site "SchemingMind.com"]
[Date "2014.05.24"]
[Round "-"]
[White "simpet"]
[Black "Chessibelle"]
[Result "1-0"]
[WhiteCountry "ENG"]
[BlackCountry "ENG"]
[WhiteElo "1610"]
[WhiteRD "55"]
[BlackElo "1179"]
[BlackRD "56"]
[GameID "358840"]

1. e4 e5 2. Nf3 Nc6 3. Bc4 Nf6 4. Nc3 d6 5. O-O Be7 6. Ng5 O-O 7. d3 Bg4 8. f3 Bh5 9. Nd5 Nxd5 10. Bxd5 Nd4
11. Bxb7 Rb8 12. Bd5 Qd7 13. c3 Nc6 14. Qe1 Kh8 15. Qh4 g6 16. g4 Rg8 17. gxh5 Qd8 18. Nxf7+
1-0

[Event "Fast tournament"]
[Site "SchemingMind.com"]
[Date "2014.05.24"]
[Round "-"]
[White "Chessibelle"]
[Black "simpet"]
[Result "0-1"]
[WhiteCountry "ENG"]
[BlackCountry "ENG"]
[WhiteElo "1251"]
[WhiteRD "59"]
[BlackElo "1653"]
[BlackRD "56"]
[GameID "358841"]

1. Nf3 Nc6 2. d4 d5 3. Nc3 Nf6 4. e3 Bg4 5. Be2 e6 6. h3 Bh5 7. g4 Bg6 8. O-O Bd6 9. Bb5 O-O 10. Ng5 Ne7
11. f4 h6 12. Nf3 c6 13. Bd3 Rc8 14. Ne5 Bh7 15. Ne2 Nd7 16. Ng3 f6 17. Nf3 f5 18. Nh4 Ng6 19. Nxg6 Bxg6 20. a3 Qh4
21. Kh2 Nf6 22. Be2 c5 23. b3 cxd4 24. Qxd4 b6 25. c3 h5 26. g5 Nh7 27. Qd1 Nxg5 28. Kg2 Rxc3 29. Bb2 Rxe3 30. Bf3 Bc5
31. Qc1 Qxh3+ 32. Kf2 Qh2+ 33. Bg2 Qxg3+ 34. Kg1 Rc3+ 35. Rf2 Rxc1+
0-1

[Event "Fast tournament"]
[Site "SchemingMind.com"]
[Date "2014.05.24"]
[Round "-"]
[White "Chessibelle"]
[Black "JDan"]
[Result "0-1"]
[WhiteCountry "ENG"]
[BlackCountry "POL"]
[WhiteElo "1179"]
[WhiteRD "56"]
[BlackElo "1615"]
[BlackRD "61"]
[GameID "358842"]

1. Nf3 Nf6 2. d4 e6 3. Nc3 Bb4 4. Bd2 O-O 5. e3 b6 6. a3 Be7 7. Bd3 Bb7 8. Be2 c5 9. O-O d5 10. g3 Nbd7
11. Bb5 cxd4 12. Nxd4 e5 13. Nf5 a6 14. Bd3 Nc5 15. Be2 Qd7 16. Nh4 d4 17. Na2 Nfe4 18. Ng2 Nxd2 19. Qxd2 Qh3 20. f3 dxe3
21. Qxe3 Nd7 22. Nc3 Bc5 23. g4 Bxe3+
0-1

[Event "Fast tournament"]
[Site "SchemingMind.com"]
[Date "2014.05.24"]
[Round "-"]
[White "JDan"]
[Black "Chessibelle"]
[Result "0-1"]
[WhiteCountry "POL"]
[BlackCountry "ENG"]
[WhiteElo "1615"]
[WhiteRD "61"]
[BlackElo "1179"]
[BlackRD "56"]
[GameID "358843"]

1. e4 e5 2. Nf3 Nc6 3. Bc4 h6 4. c3 Nf6 5. d3 d6 6. O-O Bg4 7. Be3 b6 8. Bb5 Bd7 9. h3 a6 10. Ba4 b5
11. Bb3 Be7 12. Nbd2 Bc8 13. d4 O-O 14. a3 Bb7 15. dxe5 dxe5 16. Bc2 Nh5 17. c4 g5 18. Bd3 Qxd3 19. cxb5 axb5 20. Nxg5 Ng7
21. Ngf3 Qd6 22. Qb3 Nd8 23. Qxb5 f5 24. Nxe5 c6 25. Qc4+ Nde6 26. Bxh6 Qxe5 27. f4 Qf6 28. Bg5 Qf7 29. Bxe7 Qxe7 30. g4 Kh7
31. exf5 Nd8 32. Qd3 Ba6 33. Nc4 Qc5+ 34. Rf2 Bxc4 35. Qc2 Qd5 36. f6+ Kh8 37. fxg7+ Kxg7 38. Rc1 Ba6 39. f5 Qe5 40. Kg2 c5
41. Qxc5 Bb7+ 42. Kg1 Qg3+ 43. Kf1 Qxh3+ 44. Rg2 Qxg2+
0-1

[Event "Fast tournament"]
[Site "SchemingMind.com"]
[Date "2014.05.24"]
[Round "-"]
[White "Chessibelle"]
[Black "xarxziux"]
[Result "0-1"]
[WhiteCountry "ENG"]
[BlackCountry "IRL"]
[WhiteElo "1179"]
[WhiteRD "56"]
[BlackElo "1938"]
[BlackRD "119"]
[GameID "358844"]

1. Nf3 Nf6 2. d4 d6 3. Nc3 Nbd7 4. e3 g6 5. Bd3 Bg7 6. Bd2 O-O 7. O-O a6 8. b4 Re8 9. a3 e5 10. g3 e4
11. Nxe4 Nxe4 12. Be1 c5 13. Rb1 b5 14. Nd2 Nc3 15. Qf3 Nxb1 16. Qxa8 Nxd2 17. Bxd2 Nb6 18. Qf3 cxd4 19. Qf4 dxe3 20. fxe3 Nd5
21. Qxf7+ Kh8 22. Qxd5 Be6 23. Qf3 d5 24. e4 Bd4+ 25. Kg2 Bb2 26. c3 dxe4 27. Qxe4 Bd5
0-1

[Event "Fast tournament"]
[Site "SchemingMind.com"]
[Date "2014.05.24"]
[Round "-"]
[White "xarxziux"]
[Black "Chessibelle"]
[Result "1-0"]
[WhiteCountry "IRL"]
[BlackCountry "ENG"]
[WhiteElo "1938"]
[WhiteRD "119"]
[BlackElo "1179"]
[BlackRD "56"]
[GameID "358845"]

1. Nf3 Nf6 2. g3 d5 3. Bg2 Nc6 4. d4 e6 5. O-O Bd6 6. Nbd2 O-O 7. Re1 g6 8. e4 e5 9. exd5 Nxd5 10. Nxe5 Be6
11. Nxc6 bxc6 12. Ne4 Bb4 13. c3 Ba5 14. Bh6 Re8 15. Bg5 f6 16. Nxf6+ Nxf6 17. Bxc6 Qe7 18. Bxa8 Rxa8 19. d5 Bb6 20. Rxe6 Qc5
21. Rxf6 Qxf2+ 22. Rxf2
1-0

[Event "Fast tournament"]
[Site "SchemingMind.com"]
[Date "2014.05.25"]
[Round "-"]
[White "Kid A"]
[Black "Arthur Wilding"]
[Result "1-0"]
[WhiteCountry "FIN"]
[BlackCountry "WLS"]
[WhiteElo "1880"]
[WhiteRD "74"]
[BlackElo "1263"]
[BlackRD "65"]
[GameID "358850"]

1. e4 e5 2. Nf3 d6 3. Bc4 Nf6 4. Nc3 Be6 5. Bxe6 fxe6 6. d4 exd4 7. Nxd4 e5 8. Nf5 Nc6 9. Bg5 Qd7 10. Bxf6 gxf6
11. Nd5 O-O-O 12. Nxf6 Qe6 13. Nd5 h5 14. c3 Ne7 15. Nfxe7+ Bxe7 16. Qa4 b6 17. Qc6
1-0

[Event "Fast tournament"]
[Site "SchemingMind.com"]
[Date "2014.05.25"]
[Round "-"]
[White "Arthur Wilding"]
[Black "Kid A"]
[Result "0-1"]
[WhiteCountry "WLS"]
[BlackCountry "FIN"]
[WhiteElo "1263"]
[WhiteRD "65"]
[BlackElo "1880"]
[BlackRD "74"]
[GameID "358851"]

1. d4 d5 2. e3 Nf6 3. Nc3 e6 4. Nf3 c5 5. dxc5 Nc6 6. Bb5 Bd7 7. Bxc6 Bxc6 8. O-O Bxc5 9. Ne5 O-O 10. Nxc6 bxc6
11. a3 a5 12. b3 Re8 13. Ne2 e5 14. a4 Ne4 15. Ba3 Bxa3 16. Rxa3 Qe7 17. Ra1 Rad8 18. f3 Nf6 19. Re1 e4 20. f4 c5
21. Ng3 d4 22. exd4 cxd4 23. Qb1 Qc5 24. Qb2 d3+ 25. Kh1 Ng4 26. h3 Nf2+ 27. Kh2 d2 28. Red1 e3 29. Ne2 Qh5 30. Kg1 Qxe2
31. Kh2 Nxd1 32. Rxd1 Qxd1
0-1

[Event "Fast tournament"]
[Site "SchemingMind.com"]
[Date "2014.05.25"]
[Round "-"]
[White "alexyongpohweng"]
[Black "Arthur Wilding"]
[Result "0-1"]
[WhiteCountry "MAS"]
[BlackCountry "WLS"]
[WhiteElo "1251"]
[WhiteRD "46"]
[BlackElo "1295"]
[BlackRD "66"]
[GameID "358852"]

1. e4 e5 2. Qh5 d6 3. Bc4 g6 4. Qf3 f5 5. Bxg8 Rxg8 6. Qh3 h5 7. Qb3 Rh8 8. Nf3 Nc6 9. exf5 gxf5 10. d3 Nd4
11. Nxd4 exd4 12. O-O b6 13. c3 dxc3 14. Qxc3 Be7 15. Qxh8+ Kd7 16. Qxh5 c5 17. Qxf5+ Kc6 18. Qf3+ d5 19. Nc3 Ba6 20. Qg3 b5
21. Qg6+ Qd6 22. Qxd6+ Bxd6 23. f4 b4 24. Ne2 Re8 25. Ng3 Bxd3 26. Rd1 c4 27. Nf1 Rf8 28. g3 Bc5+ 29. Kg2 Be4+ 30. Kh3 Rh8+
31. Kg4 Bd3 32. Nd2 Rg8+ 33. Kh5 Rh8+ 34. Kg4 Be2+
0-1

[Event "Fast tournament"]
[Site "SchemingMind.com"]
[Date "2014.05.25"]
[Round "-"]
[White "Arthur Wilding"]
[Black "alexyongpohweng"]
[Result "1-0"]
[WhiteCountry "WLS"]
[BlackCountry "MAS"]
[WhiteElo "1316"]
[WhiteRD "68"]
[BlackElo "1240"]
[BlackRD "45"]
[GameID "358853"]

1. d4 d5 2. e3 Nf6 3. Nc3 g6 4. Bb5+ c6 5. Be2 Bg7 6. Nf3 O-O 7. O-O Bg4 8. Nd2 Bxe2 9. Nxe2 Na6 10. a3 Nc7
11. Re1 b6 12. Nf3 a6 13. c3 Nb5 14. Ne5 Nd7 15. Nxd7 Qxd7 16. Ng3 f6 17. Ne2 e5 18. dxe5 fxe5 19. Rf1 e4 20. Nd4 Nxd4
21. cxd4 c5 22. dxc5 bxc5 23. Qe2 d4 24. exd4 Qxd4 25. Rb1 Rab8 26. Be3 Qd5 27. Rfd1 Qe5 28. Qxa6 Rxb2 29. Rxb2 Qxb2 30. Rf1 Qe5
31. g3 Qd5 32. Rc1 Bd4 33. Qc4 Qxc4 34. Rxc4 Bxe3 35. Rc2 Bd4 36. Kg2 Ra8 37. Ra2 c4 38. Rd2 Bg7 39. Rc2 c3 40. Kh3 Rxa3
41. Kg4 Kf7 42. Kf4 Ke6 43. Kxe4 Be5 44. f3 Kd6 45. Kd3 Kd5 46. f4 Bf6 47. h4 Bd4 48. g4 Bf6 49. g5 Bg7 50. Ke3 Bd4+
51. Kd3 Bg7 52. Ke2 Kd4 53. Kf3 Kc4 54. Ke4 Kc5 55. f5 gxf5+ 56. Kxf5 Kd4 57. h5 Kd3 58. Rg2 Rb3 59. Rg1 c2 60. Rc1 Rb1
61. h6 Rxc1 62. hxg7 Rf1+ 63. Ke6
1-0

[Event "Fast tournament"]
[Site "SchemingMind.com"]
[Date "2014.05.25"]
[Round "-"]
[White "Arthur Wilding"]
[Black "Scooter"]
[Result "0-1"]
[WhiteCountry "WLS"]
[BlackCountry "USA"]
[WhiteElo "1263"]
[WhiteRD "65"]
[BlackElo "1745"]
[BlackRD "46"]
[GameID "358854"]

1. d4 Nf6 2. e3 g6 3. Nc3 Bg7 4. Nf3 O-O 5. Ne2 d6 6. Nc3 Bg4 7. h3 Bxf3 8. gxf3 Nbd7 9. Bd3 e5 10. dxe5 Nxe5
11. O-O Qd7 12. f4 Nxd3 13. cxd3 Qxh3 14. Ne4 Ng4
0-1

[Event "Fast tournament"]
[Site "SchemingMind.com"]
[Date "2014.05.24"]
[Round "-"]
[White "Scooter"]
[Black "Arthur Wilding"]
[Result "1-0"]
[WhiteCountry "USA"]
[BlackCountry "WLS"]
[WhiteElo "1745"]
[WhiteRD "46"]
[BlackElo "1263"]
[BlackRD "65"]
[GameID "358855"]

1. d4 d5 2. Nf3 Nf6 3. Bf4 Nc6 4. e3 Bg4 5. Be2 e6 6. Nbd2 Bb4 7. c3 Bd6 8. O-O Bxf3 9. Nxf3 O-O 10. Bxd6 cxd6
11. c4 dxc4 12. Bxc4 Nd7 13. a3 Na5 14. Bd3 f5 15. b4 Nc6 16. Rc1 g6 17. Bb5 Qc7 18. Ng5 Nd8 19. Rxc7 Nb6 20. Qb3 Nd5
21. Rxh7 Nf6 22. Re7
1-0

[Event "Fast tournament"]
[Site "SchemingMind.com"]
[Date "2014.05.24"]
[Round "-"]
[White "Arthur Wilding"]
[Black "simpet"]
[Result "0-1"]
[WhiteCountry "WLS"]
[BlackCountry "ENG"]
[WhiteElo "1295"]
[WhiteRD "66"]
[BlackElo "1653"]
[BlackRD "56"]
[GameID "358856"]

1. d4 Nf6 2. e3 e6 3. Nc3 d5 4. Nf3 Bb4 5. a3 Ba5 6. Bb5+ Bd7 7. Ne5 O-O 8. b4 Bb6 9. O-O a6 10. Be2 Nc6
11. Nxc6 Bxc6 12. a4 Bd7 13. f4 c6 14. Ba3 Re8 15. a5 Ba7 16. Qd2 b5 17. Qd1 Bb8 18. Bb2 Kh8 19. Bg4 Ng8 20. Ne2 Nh6
21. Bf3 Nf5 22. Bc1 Qh4 23. Qe1 Qh6 24. Ng3 Nh4 25. f5 Nxf5 26. Nxf5 Qxh2+ 27. Kf2 exf5 28. Ke2 Qd6 29. c3 f4 30. Kd1 Qg6
31. Qh4 Qd3+ 32. Ke1 Qxc3+ 33. Ke2 Qxa1 34. Rh1 h6 35. Qh5 Qxd4
0-1

[Event "Fast tournament"]
[Site "SchemingMind.com"]
[Date "2014.05.24"]
[Round "-"]
[White "simpet"]
[Black "Arthur Wilding"]
[Result "1-0"]
[WhiteCountry "ENG"]
[BlackCountry "WLS"]
[WhiteElo "1610"]
[WhiteRD "55"]
[BlackElo "1263"]
[BlackRD "65"]
[GameID "358857"]

1. e4 e5 2. Nf3 d6 3. Bc4 Nf6 4. Ng5 Be6 5. Nxe6 fxe6 6. Bxe6 Nbd7 7. d3 Nc5 8. Bc4 Qe7 9. Nc3 O-O-O 10. Be3 Nfd7
11. Nd5 Qe8 12. b4 h6 13. bxc5 dxc5 14. a4 h5 15. Bg5 Nf6 16. Nxf6 Rd6 17. Nxe8
1-0

[Event "Fast tournament"]
[Site "SchemingMind.com"]
[Date "2014.05.24"]
[Round "-"]
[White "Arthur Wilding"]
[Black "Chessibelle"]
[Result "1-0"]
[WhiteCountry "WLS"]
[BlackCountry "ENG"]
[WhiteElo "1263"]
[WhiteRD "65"]
[BlackElo "1179"]
[BlackRD "56"]
[GameID "358858"]

1. d4 d5 2. e3 Nf6 3. Nc3 Bg4 4. Be2 Be6 5. Nf3 Nc6 6. O-O Bf5 7. Ne5 Qd6 8. Nxc6 bxc6 9. f3 e5 10. Bd3 Be6
11. a4 Be7 12. Re1 g6 13. Ne2 O-O 14. Bd2 Nd7 15. a5 c5 16. Rf1 Rab8 17. dxc5 Qxc5 18. Rb1 e4 19. Nd4 exd3 20. cxd3 Qd6
21. b4 Qa6 22. Nxe6 Qxe6 23. Re1 Ne5 24. Bc3 f6 25. Bxe5 Qxe5 26. f4 Qf5 27. g4 Qe6 28. Qa4 Qa6 29. Re2 Qxd3 30. Ree1 d4
31. exd4 Qxd4+ 32. Kh1 Bd6 33. Qb3+ Kh8 34. Qe3 Qc4 35. Qxa7 Qxf4 36. Qg1 c5 37. b5 Bc7 38. b6 Bd8 39. Rf1 Qe4+ 40. Qg2 Qd3
41. b7 Bxa5 42. Rbd1 Qe3 43. Rd7 Qe6 44. Rfd1 c4 45. h3 c3 46. Qd5 Qa6 47. Ra1 c2 48. Rc1 Bb6 49. Qc6 Qa3 50. Rxc2 Rfe8
51. Kg2 Qe3 52. Qxf6+
1-0

[Event "Fast tournament"]
[Site "SchemingMind.com"]
[Date "2014.05.24"]
[Round "-"]
[White "Chessibelle"]
[Black "Arthur Wilding"]
[Result "0-1"]
[WhiteCountry "ENG"]
[BlackCountry "WLS"]
[WhiteElo "1179"]
[WhiteRD "56"]
[BlackElo "1263"]
[BlackRD "65"]
[GameID "358859"]

1. Nf3 Nc6 2. d4 Nf6 3. Nc3 e6 4. Bd2 Bb4 5. e3 O-O 6. Bd3 Bxc3 7. Bxc3 d5 8. O-O Nd7 9. g3 Ne7 10. Qe2 c5
11. e4 cxd4 12. Bxd4 Nb6 13. b3 f6 14. Qe3 Bd7 15. Bb2 Nc6 16. Qf4 Nb4 17. Nd4 Nxd3 18. cxd3 Qe7 19. Rfe1 g5 20. Qg4 e5
21. Qf3 Bc6 22. Qh5 Qf7 23. Qf3 dxe4 24. Qe3 exd3 25. Nf5 Nd5 26. Qxd3 Qh5 27. Qc4 Kh8 28. Qc5 Qf3 29. Nd6 Ne7 30. Kf1 Qg2+
31. Ke2 Qf3+ 32. Kf1 Nd5 33. Re2 a6 34. Ke1 Qh1+ 35. Kd2 Qxh2 36. Nf5 Rfd8 37. Rae1 Nf4+ 38. Ke3 Nd5+ 39. Kd3 Nf4+ 40. Kc3 Rd3+
41. Kb4 a5+ 42. Ka3 Nd5 43. Qd6 Qh5 44. Qc5 g4 45. Qc2 Rf3 46. Qc1 Rxf5 47. Rc2 Qf7 48. Rc5 Qe7 49. Ba1 b6 50. b4 bxc5
51. bxc5 Nb4 52. Qb1 Qxc5 53. Qxf5 Nd3+ 54. Kb3 Rb8#
0-1

[Event "Fast tournament"]
[Site "SchemingMind.com"]
[Date "2014.05.24"]
[Round "-"]
[White "Arthur Wilding"]
[Black "JDan"]
[Result "0-1"]
[WhiteCountry "WLS"]
[BlackCountry "POL"]
[WhiteElo "1263"]
[WhiteRD "65"]
[BlackElo "1615"]
[BlackRD "61"]
[GameID "358860"]

1. d4 Nf6 2. e3 e6 3. c3 b6 4. Bd3 Bb7 5. Nf3 c5 6. O-O cxd4 7. exd4 Bd6 8. Nbd2 O-O 9. a4 Nc6 10. Nc4 Bc7
11. Re1 Ne7 12. Bg5 Ned5 13. Nfe5 h6 14. Bxf6 Qxf6 15. Ng4 Qg5 16. g3 Nf6 17. Nge3 Ne4 18. Rf1 f5 19. Bxe4 Bxe4 20. Nd2 Bb7
21. Ndc4 f4 22. Nc2 fxg3 23. N2e3 gxf2#
0-1

[Event "Fast tournament"]
[Site "SchemingMind.com"]
[Date "2014.05.24"]
[Round "-"]
[White "JDan"]
[Black "Arthur Wilding"]
[Result "1-0"]
[WhiteCountry "POL"]
[BlackCountry "WLS"]
[WhiteElo "1615"]
[WhiteRD "61"]
[BlackElo "1263"]
[BlackRD "65"]
[GameID "358861"]

1. e4 e5 2. Nf3 d6 3. Bc4 Nf6 4. Ng5 Be6 5. Qe2 Ke7 6. O-O Nc6 7. f4 h6 8. fxe5 dxe5 9. Nxe6 Qd7 10. Nc5 Qc8
11. Nc3 Nd4 12. Qd3 c6 13. b4 h5 14. b5 Qc7 15. Ba3 Ke8 16. bxc6 Bxc5 17. cxb7 Rb8 18. Bxc5 Qxc5 19. Rab1 Ke7 20. Nd5+ Nxd5
21. Bxd5 Rhf8 22. c3 Ne2+ 23. Kh1 Nf4 24. Qc4 Qxc4 25. Bxc4 Ng6 26. Rf5 a5 27. Rxh5 Nf4 28. Rxe5+ Kf6 29. Rf5+ Kg6 30. Rxf4 a4
31. Bd5
1-0

[Event "Fast tournament"]
[Site "SchemingMind.com"]
[Date "2014.05.24"]
[Round "-"]
[White "Arthur Wilding"]
[Black "xarxziux"]
[Result "0-1"]
[WhiteCountry "WLS"]
[BlackCountry "IRL"]
[WhiteElo "1263"]
[WhiteRD "65"]
[BlackElo "1938"]
[BlackRD "119"]
[GameID "358862"]

1. d4 d6 2. e3 Nf6 3. Nc3 g6 4. Nf3 Bg7 5. Bb5+ c6 6. Be2 O-O 7. O-O Nbd7 8. Bd3 b5 9. Ne2 a6 10. a4 Bb7
11. axb5 axb5 12. Rxa8 Qxa8 13. Bd2 Qa2 14. Bc3 Ra8 15. Nd2 Nd5 16. Re1 b4 17. Nf3 bxc3 18. bxc3 c5 19. h3 c4 20. Bxc4 Qxc4
21. Nf4 Nxf4 22. exf4 Qxc3 23. Rxe7 Ra1 24. Rxd7 Rxd1+ 25. Kh2 Bxf3
0-1

[Event "Fast tournament"]
[Site "SchemingMind.com"]
[Date "2014.05.24"]
[Round "-"]
[White "xarxziux"]
[Black "Arthur Wilding"]
[Result "1-0"]
[WhiteCountry "IRL"]
[BlackCountry "WLS"]
[WhiteElo "1938"]
[WhiteRD "119"]
[BlackElo "1263"]
[BlackRD "65"]
[GameID "358863"]

1. Nf3 Nc6 2. d4 e6 3. e4 Nf6 4. e5 Ng8 5. c4 f6 6. Bf4 fxe5 7. Nxe5 Nxe5 8. Bxe5 d6 9. Bg3 Nf6 10. Be2 Bd7
11. O-O Be7 12. Nc3 O-O 13. Re1 d5 14. Qb3 b6 15. cxd5 exd5 16. Nxd5 Nxd5 17. Qxd5+ Kh8 18. Bf3 c6 19. Qb3 Bf6 20. Rad1 h6
21. d5 Qc8 22. dxc6 Bf5 23. c7 g5 24. Bxa8 Bd7 25. Qd5 Bg4 26. Bb7
1-0

[Event "Fast tournament"]
[Site "SchemingMind.com"]
[Date "2014.05.25"]
[Round "-"]
[White "Kid A"]
[Black "Stephen Woodhouse"]
[Result "1-0"]
[WhiteCountry "FIN"]
[BlackCountry "ENG"]
[WhiteElo "1880"]
[WhiteRD "74"]
[BlackElo "1872"]
[BlackRD "50"]
[GameID "358870"]

1. e4 e6 2. d4 d5 3. Nc3 Nf6 4. Bg5 Bb4 5. e5 h6 6. Bd2 Bxc3 7. bxc3 Ne4 8. Bd3 Nxd2 9. Qxd2 c5 10. Nf3 Nc6
11. Rb1 c4 12. Be2 b6 13. O-O Bd7 14. Qf4 O-O 15. Qg4 f5 16. Qg3 Kh8 17. Nh4 Be8 18. f4 g5 19. fxg5 Qxg5 20. Rf3 Bh5
21. Rf2 Rg8 22. Qxg5 hxg5 23. Bxh5 gxh4 24. Bf7 Rg7 25. Bxe6 Ne7 26. Bxf5 Rf8 27. Rbf1 Rgf7 28. Be6 Rxf2 29. Rxf2 Rxf2 30. Kxf2 Kg7
31. Kf3 Kg6 32. Kg4
1-0

[Event "Fast tournament"]
[Site "SchemingMind.com"]
[Date "2014.05.25"]
[Round "-"]
[White "Stephen Woodhouse"]
[Black "Kid A"]
[Result "1-0"]
[WhiteCountry "ENG"]
[BlackCountry "FIN"]
[WhiteElo "1872"]
[WhiteRD "50"]
[BlackElo "1880"]
[BlackRD "74"]
[GameID "358871"]

1. e4 e5 2. Nf3 Nc6 3. d4 exd4 4. Nxd4 Nf6 5. Nc3 Bc5 6. Be3 Bxd4 7. Bxd4 Nxd4 8. Qxd4 d6 9. Bc4 O-O 10. O-O-O a6
11. e5 Ng4 12. exd6 cxd6 13. h3 Ne5 14. Bb3 Be6 15. Qxd6 Qg5+ 16. Qd2 Qxg2 17. Rdg1 Qf3 18. Qd4 Qf6 19. Ne4 Qh6+ 20. Qe3 Qxe3+
21. fxe3 Bxb3 22. axb3 f5 23. Nc5 b5 24. Rd1 Rfd8 25. Ne6 Rxd1+ 26. Rxd1 Kf7 27. Nc5 Kf6 28. Rd6+ Kg5 29. Ne6+ Kf6 30. Nc7+ Ke7
31. Re6+ Kd7 32. Rxe5 Kxc7 33. Rxf5 Rd8 34. Rf7+ Rd7 35. Rxd7+ Kxd7 36. Kd2 Ke6 37. c4 g5 38. e4 Ke5 39. Ke3 h5 40. c5 g4
41. hxg4 hxg4 42. b4
1-0

[Event "Fast tournament"]
[Site "SchemingMind.com"]
[Date "2014.05.25"]
[Round "-"]
[White "alexyongpohweng"]
[Black "Stephen Woodhouse"]
[Result "0-1"]
[WhiteCountry "MAS"]
[BlackCountry "ENG"]
[WhiteElo "1251"]
[WhiteRD "46"]
[BlackElo "1901"]
[BlackRD "49"]
[GameID "358872"]

1. e4 e6 2. d4 d5 3. e5 c5 4. dxc5 Bxc5 5. Nf3 Nc6 6. Bb5 Bd7 7. Bxc6 Bxc6 8. O-O Ne7 9. c3 O-O 10. Bg5 h6
11. Bxe7 Qxe7 12. b4 Bb6 13. a4 Rfd8 14. a5 Bc7 15. Na3 d4 16. cxd4 Qxb4 17. Nc2 Qe7 18. a6 Bb6 19. axb7 Bxb7 20. Ra4 Rac8
21. Ra2 Rc3 22. Ne3 Bxf3 23. gxf3 Bxd4 24. Qe1 Rdc8 25. Ng2 Rxf3 26. Ne3 Bxe3 27. fxe3 Qg5+ 28. Kh1 Rxf1+ 29. Qxf1 Qxe3 30. Re2 Qc1
31. Qxc1 Rxc1+ 32. Kg2 Rc8 33. Kf2 Kf8 34. Kf3 a5 35. Ra2 Ra8 36. Ke4 f5+ 37. Kf3 g5 38. Kg3 a4 39. Kf3 a3 40. Ke3 h5
41. Kf3 h4 42. Ke3 Ke7 43. Kd3 Kd7 44. Kd4 g4 45. Kc4 Kc6 46. Kb4 Kd5 47. Rxa3 Rxa3 48. Kxa3 g3 49. hxg3 hxg3
0-1

[Event "Fast tournament"]
[Site "SchemingMind.com"]
[Date "2014.05.25"]
[Round "-"]
[White "Stephen Woodhouse"]
[Black "alexyongpohweng"]
[Result "1-0"]
[WhiteCountry "ENG"]
[BlackCountry "MAS"]
[WhiteElo "1901"]
[WhiteRD "49"]
[BlackElo "1251"]
[BlackRD "46"]
[GameID "358873"]

1. e4 e5 2. Nf3 d6 3. d4 exd4 4. Nxd4 Nf6 5. Nc3 Be7 6. Bc4 c6 7. O-O O-O 8. Bg5 Nxe4 9. Bxe7 Qxe7 10. Re1 Nxc3
11. Rxe7 Nxd1 12. Rxd1 d5 13. Bd3 Nd7 14. Nf5 Nf6 15. Nd6 Rb8 16. Rde1 Be6 17. Nxb7 Bc8 18. Ba6
1-0

[Event "Fast tournament"]
[Site "SchemingMind.com"]
[Date "2014.05.25"]
[Round "-"]
[White "Arthur Wilding"]
[Black "Stephen Woodhouse"]
[Result "0-1"]
[WhiteCountry "WLS"]
[BlackCountry "ENG"]
[WhiteElo "1263"]
[WhiteRD "65"]
[BlackElo "1872"]
[BlackRD "50"]
[GameID "358874"]

1. d4 e6 2. Nc3 f5 3. Nf3 Nf6 4. e3 b6 5. Bd3 Bb7 6. O-O Be7 7. Re1 O-O 8. a4 a5 9. Bd2 Ne4 10. g3 d6
11. Nb1 Nd7 12. Bc3 Qe8 13. Nbd2 Qh5 14. Nf1 Nxc3 15. bxc3 Bxf3 16. Be2 Bxe2 17. Rxe2 e5 18. Rd2 Qxd1 19. Raxd1 f4 20. gxf4 exf4
21. exf4 Rxf4 22. Ng3 Raf8 23. Rf1 Nf6 24. Re1 Bd8 25. Ree2 Ng4 26. Ne4 Bh4 27. Ng3 Bxg3 28. hxg3 Rf3 29. c4 Rc3 30. Re7 Rxc4
31. d5 Ne5
0-1

[Event "Fast tournament"]
[Site "SchemingMind.com"]
[Date "2014.05.24"]
[Round "-"]
[White "Stephen Woodhouse"]
[Black "Arthur Wilding"]
[Result "1-0"]
[WhiteCountry "ENG"]
[BlackCountry "WLS"]
[WhiteElo "1872"]
[WhiteRD "50"]
[BlackElo "1263"]
[BlackRD "65"]
[GameID "358875"]

1. e4 e5 2. Nf3 d6 3. d4 Nf6 4. dxe5 Nfd7 5. Bg5 Be7 6. Bxe7 Qxe7 7. exd6 cxd6 8. Nc3 O-O 9. Bd3 Nc6 10. O-O Nde5
11. Nd5 Nxd3 12. Nxe7+ Nxe7 13. Qxd3 Bd7 14. Qxd6 Rfe8 15. Qxd7 Rab8 16. Rad1 Nc6 17. Nd4 Ne5 18. Qf5 g6 19. Qh3 Nc4 20. b3 Ne5
21. f4 Nc6 22. Nxc6 Ra8 23. Ne5 h5 24. Rd7 Rac8 25. Qg3 Rxc2 26. Nxg6
1-0